| 000 | 00686nam a2200217 4500 | ||
|---|---|---|---|
| 003 | OSt | ||
| 005 | 20240727013734.0 | ||
| 006 | a | ||
| 008 | 240727b |||||||| |||| 00| 0 eng d | ||
| 020 | _a9781598638400 | ||
| 040 |
_aDWCL- Main lib. _cOC |
||
| 082 |
_2Second edition _aCirc. 621.3893 C594m 2011 |
||
| 100 | _aClark, Rick | ||
| 245 | _aMixing, recording, and producing techniques of the pros / | ||
| 250 | _aSecond edition | ||
| 260 |
_aBoston : _bCourse Technology, Cengage Learning, _cc2011. |
||
| 300 |
_axxiv, _b392 p. : ill. ; _c28 cm. |
||
| 504 | _aIncludes index. | ||
| 650 | _a1. Sound-Recording and reproducing. | ||
| 942 |
_2ddc _n0 _cBK-CIRC _eSecond edition _kCirc. |
||
| 999 |
_c2843 _d2843 |
||